Statistics for Geography A-Z #5

Click here to take the quiz!

General Stats

  • This quiz has been taken 32,281 times
  • The average score is 18 of 26

Answer Stats

HintAnswer% Correct
GScotland's largest cityGlasgow
91%
YRed Sea countryYemen
91%
APlato's homeAthens
90%
RLandlocked African countryRwanda
90%
HLargest city in TexasHouston
87%
O6-letter U.S. StateOregon
86%
DLarge arid areaDesert
84%
NNaples, to an ItalianNapoli
82%
ECentral American nationEl Salvador
81%
UBlack Sea countryUkraine
81%
FArden or Sherwood, e.g.Forest
78%
MDeepest Pacific trenchMariana
75%
QLarge pit for stone extractionQuarry
74%
JMontego Bay's countryJamaica
73%
ZEuropean capitalZagreb
73%
TLondon square where
Nelson's Column is located
Trafalgar
72%
PMalay or Baja California, e.g.Peninsula
69%
SJapanese faithShinto
62%
WCapital of ManitobaWinnipeg
58%
IRio de Janeiro beachIpanema
52%
LFrench river valley known
for its châteaux
Loire
52%
BFundy or Kotor, e.g.Bay
51%
CA point of land jutting
out into the water
Cape
50%
KSmall, round hillKnoll
45%
V1916 WWI battlefieldVerdun
38%
XBantu "click" languageXhosa
33%

Score Distribution

Percentile by Number Answered

Percent of People with Each Score

Your Score History

You have not taken this quiz